| 000 | 00421nam a2200157Ia 4500 | ||
|---|---|---|---|
| 008 | 230312s9999||||xx |||||||||||||| ||und|| | ||
| 020 | _a81-7439-037-5 | ||
| 082 |
_a658.1552 _bOLS |
||
| 100 | _aJeff Olson | ||
| 245 | 0 | _aCutting Costs | |
| 260 |
_bVelocity Business Publishing _aNew Delhi _c2000 |
||
| 300 | _a95 | ||
| 546 | _aEng. | ||
| 650 |
_aManagement _vPhilosphy of cutting costs, Everyday cost cutting. |
||
| 942 | _cBK | ||
| 999 |
_c843 _d843 |
||